Maravillas de la naturaleza (Registro nro. 306018)
[ vista simple ]
| 000 -ENCABEZADO | |
|---|---|
| Número de control [NR] | 01440cam a2200337 i 4500 |
| 005 - FECHA Y HORA DE LA ÚLTIMA TRANSACCIÓN | |
| control field | 20170215081000.0 |
| 008 - DE LONGITUD FIJA DE DATOS DE ELEMENTOS - INFORMACIÓN GENERAL | |
| Elementos de longitud fija [NR] | 170215s1994 ck a gr 001 spa d |
| 020 ## - NUMERO INTERNACIONAL NORMALIZADO PARA LIBROS [R] | |
| Número Internacional Normalizado del libro [NR] | 9586120856 (T.1) |
| 020 ## - NUMERO INTERNACIONAL NORMALIZADO PARA LIBROS [R] | |
| Número Internacional Normalizado del libro [NR] | 9586121739 (T.2) |
| 020 ## - NUMERO INTERNACIONAL NORMALIZADO PARA LIBROS [R] | |
| Número Internacional Normalizado del libro [NR] | 9586121909 (T.3) |
| 020 ## - NUMERO INTERNACIONAL NORMALIZADO PARA LIBROS [R] | |
| Número Internacional Normalizado del libro [NR] | 9586120856 (Colección) |
| 040 ## - FUENTE DE CATALOGACION [NR] | |
| Agencia de catalogación original [NR] | CO-BoUCM |
| Idioma de catalogación [NR] | spa |
| Quien Cataloga | Sandra Palacio |
| Quien Clasifica | Sandra Palacio |
| 041 0# - CODIGO DE IDIOMA [R] | |
| Código de idioma para texto/pista de sonido o título separado [R] | Español |
| 100 1# - ASIENTO PRINCIPAL--NOMBRE PERSONAL [NR] | |
| Nombre personal [NR] | Santa Gertrudis, Juan de |
| Fechas asociadas con el nombre [NR] | 1724-1799 |
| Títulos u otras palabras asociadas al nombre [R] | Fray |
| ID Autoridad | 84148 |
| 245 13 - MENCION DE TITULO [NR] | |
| Título [NR] | Maravillas de la naturaleza |
| Mención de responsabilidad, etc. [NR] | Fray Juan de Santa Gertrudis; prólogo Juan Luis Mejía Arango |
| 260 ## - PUBLICACION, DISTRIBUCION, ETC. (PIE DE IMPRENTA) [R] | |
| Lugar de publicación, distribución, etc. [R] | Bogotá (Colombia) |
| Nombre del editor, distribuidor, etc. [R] | Presencia |
| Fecha de publicación, distribución, etc. [R] | 1994 |
| 300 ## - DESCRIPCION FISICA [R] | |
| Extensión [R] | 3 tomos |
| Otros detalles físicos [NR] | ilustraciones |
| 490 0# - MENCION DE SERIE [R] | |
| Mención de serie [R] | Biblioteca V Centenario Colcultura. Viajeros por Colombia |
| 500 ## - NOTA GENERAL [R] | |
| Nota general [NR] | Incluye índice |
| 600 14 - ASIENTO SECUNDARIO DE MATERIA - NOMBRE PERSONAL [R] | |
| Nombre personal [NR] | Fray Juan de Santa Gertrudis |
| Fechas asociadas con el nombre [NR] | 1724-1799 |
| Subdivisión general [R] | Relatos de viajes |
| 9 (RLIN) | 84149 |
| 650 24 - ASIENTO SECUNDARIO DE MATERIA - TERMINO TEMATICO [R] | |
| Término temático o nombre geográfico como elemento de entrada [NR] | Relatos de viajes |
| Subdivisión geográfica [R] | Colombia |
| Subdivisión cronológica [R] | Siglo XVIII |
| 9 (RLIN) | 84150 |
| 650 24 - ASIENTO SECUNDARIO DE MATERIA - TERMINO TEMATICO [R] | |
| Término temático o nombre geográfico como elemento de entrada [NR] | Antropología cultural |
| Subdivisión general [R] | Historia |
| Subdivisión geográfica [R] | Colombia |
| Subdivisión cronológica [R] | Siglo XVIII |
| 9 (RLIN) | 84151 |
| 651 #4 - ASIENTO SECUNDARIO DE MATERIA - NOMBRE GEOGRAFICO [R] | |
| Nombre geográfico [NR] | Colombia |
| Subdivisión general [R] | Descripciones y viajes |
| Subdivisión cronológica [R] | Siglo XVIII |
| 9 (RLIN) | 84152 |
| 651 #4 - ASIENTO SECUNDARIO DE MATERIA - NOMBRE GEOGRAFICO [R] | |
| Nombre geográfico [NR] | Colombia |
| Subdivisión general [R] | Vida social y costumbres |
| Subdivisión cronológica [R] | Siglo XVIII |
| 9 (RLIN) | 84153 |
| 651 #4 - ASIENTO SECUNDARIO DE MATERIA - NOMBRE GEOGRAFICO [R] | |
| Nombre geográfico [NR] | Colombia |
| Subdivisión general [R] | Condiciones sociales |
| 9 (RLIN) | 26896 |
| 690 ## - ASUNTO AGREGADO LOCAL DE ENTRADA - TÉRMINO TEMÁTICO (OCLC, RLIN) | |
| Acceso temático local | Historia de Colombia |
| 9 (RLIN) | 26508 |
| 700 1# - ASIENTO SECUNDARIO - NOMBRE PERSONAL [R] | |
| Nombre personal [NR] | Mejía Arango, Juan Luis |
| Fechas asociadas con el nombre [NR] | 1951- |
| 9 (RLIN) | 84154 |
| Término de relación [R] | prólogo |
| 830 #0 - ASIENTO SECUNDARIO DE SERIE--TITULO UNIFORME [R] | |
| Título uniforme [NR] | Biblioteca V Centenario Colcultura |
| Nombre de la parte o sección de una obra [R] | Viajeros por Colombia |
| 9 (RLIN) | 84155 |
| 942 ## - ELEMENTOS DE ENTRADA AGREGADOS (KOHA) | |
| Sistema de clasificación | DEWEY |
| Tipo de ítem principal el descrito en 300a | Libro |
| Tema principal | Historia |
| Edición | 1 |
| Clasificación | 918.61 |
| Parte restante de la signatura top. | S231mn |
No hay ítems disponibles.